| 000 | 01302nam a2200301 4500 | ||
|---|---|---|---|
| 003 | EC-UNACH | ||
| 005 | 20251030112232.0 | ||
| 006 | s||||gr|||| 00| 00 | ||
| 008 | 150116t9999 mx r gr 000 0 spa d | ||
| 020 | _a978-959-7066-92-7 | ||
| 040 |
_aEC-UNACH _cEC-UNACH |
||
| 041 | _aspa | ||
| 082 | 0 | 4 |
_223 _a345 _bL017911 |
| 110 | _aONBC | ||
| 245 | _aEstudios sobre el proceso penal | ||
| 250 | _aPrimera edición | ||
| 264 |
_aCuba _bONBC _c2014 |
||
| 300 | _a393 | ||
| 505 | _a- Calificaciones provisionales - -Calificaciones provisionales del fiscal - - Calificaciones provisionales del defensor - - El juicio oral - - Concepto e importancia - - Violaciones de los principios del juicio oral - - Audiencia en justicia - - Delito cometido en el curso de la Audiencia - -El informe final - - interrogantes sobre el informe final - - La redacción de la sentencia penal - Introducción - - La sentencia . Su objetivo Los recursos - - Conclusiones - - Anexos - - Resoluciones de Naciones Unidas | ||
| 650 | _aAspectos generales | ||
| 650 | _aRespuestas a la acción civil | ||
| 650 | _aAntecedente historico | ||
| 700 | _aDanilo Rivera García | ||
| 942 |
_2ddc _c1 |
||
| 999 | _c14122 | ||